000 00507nam a2200157 i 4500
001 89870
003 ES-MaACL
007 t|
008 050114s1984 xxr ||||1| spa d
100 1 _aLatíshina, D.
_970526
245 1 3 _aLa escuela primaria soviética
_b: problemas de la enseñanza y la educación /
_cD. Latíshina ; [traducido del ruso por M. Ciutat].
260 _aMoscú :
_bProgreso,
_c1984.
300 _a229 p. ;
_c21 cm.
700 1 _aCiutat, M.
_938948
852 _aES-MaACL
_jL-9964
_bR.111600
999 _c89870
_d89870